Movies Quiz

Random Movies or Actress Quiz

American Biograph Actresses Quiz Stats

 Plays Quiz not verified by Sporcle

Also try: Dopey Disney
Challenge
Share
Tweet
Embed
Score 0/25 Timer 06:00
0 Plays Today
First Name Last Name % Correct
DorothyGish
92.3%
LillianGish
92.3%
MaryPickford
69.2%
FlorenceLawrence
38.5%
MaeMarsh
30.8%
MargueriteMarsh
30.8%
MabelNormand
30.8%
MiriamCooper
23.1%
GraceHenderson
23.1%
JeannieMacPherson
23.1%
BlancheSweet
23.1%
LindaArvidson
15.4%
DorothyBernard
15.4%
First Name Last Name % Correct
KateBruce
15.4%
JosephineCrowell
15.4%
DorothyDavenport
15.4%
AdeleDe Garde
15.4%
FloraFinch
15.4%
FlorenceLa Badie
15.4%
JennieLee
15.4%
MarionLeonard
15.4%
ClaireMcDowell
15.4%
VioletMersereau
15.4%
GertrudeRobinson
15.4%
GraceCunard
7.7%

You're not logged in!

Compare scores with friends on all Sporcle quizzes.
OR
Log In

You Might Also Like...

Show Comments

Extras

Created Sep 15, 2010ReportNominate
Tags:Actress Quiz, America, last

Top Quizzes Today


Score Distribution

Your Account Isn't Verified!

In order to create a playlist on Sporcle, you need to verify the email address you used during registration. Go to your Sporcle Settings to finish the process.

Report this User

Report this user for behavior that violates our Community Guidelines.

Details: